000 00740nam a2200253 i 4500
001 67355
003 ES-MaACL
005 20231213210239.0
007 t|
008 040520s2003 sp ||||0| spa d
020 _a84-88170-50-5
040 _aM-BN
_bspa
_cM-BN
080 _a791.43(049.3)
245 0 0 _aCien películas para amar el cine /
_cedición de Miguel Losada.
260 _aElche :
_bFrutos del Tiempo,
_c[2003]
300 _a434 p. :
_bil. ;
_c19 cm.
490 1 _aColección Lunara cine
500 _aIndice.
650 1 4 _aCine-
_vCríticas.
_911020
700 1 _aLosada, Miguel
_974261
830 0 _aColección Lunara cine
_9230889
852 _aES-MaACL
_jL-27623
_bR.133265
999 _c67355
_d67355